| 000 | 00791nam a2200277 a 4500 | ||
|---|---|---|---|
| 001 | BRCA_5375 | ||
| 005 | 20190320205042.0 | ||
| 008 | 081210s1913----gw-a######---#000-0#ger-# | ||
| 041 | _ager | ||
| 044 | _agw | ||
| 050 | 4 |
_aND623 _b.R67 1913 |
|
| 100 | 1 |
_aRosenberg, Adolf _913616 |
|
| 245 | 1 | 0 |
_aLeonardo da Vinci _cAdolf Rosenberg. |
| 250 | _a3 | ||
| 260 |
_aBielefeld, Alemania _bVelhagen & Klasing _c1913 |
||
| 300 |
_a140 p. _bil., 136 láminas _c25 cm. |
||
| 440 | 0 |
_aKünstler Monographien _v33 _913466 |
|
| 500 | _aIncluye índice de ilustraciones | ||
| 500 | _aEdición con cantos dorados | ||
| 500 | _aE117 | ||
| 504 | _aBibliografía: p. [137] | ||
| 600 | 1 | 4 |
_aLeonardo da Vinci _d1452-1519 _913754 |
| 650 | 1 | 4 |
_aPintores italianos _97654 |
| 902 | _aGFM | ||
| 942 |
_2lcc _cB |
||
| 999 |
_c5069 _d5069 |
||